| 000 | 01142nam a22003138a 4500 | ||
|---|---|---|---|
| 003 | OSt | ||
| 005 | 20210818181652.0 | ||
| 008 | 160922s2014 ck a gr 000 0 spa d | ||
| 020 | _a9789588859156 | ||
| 040 |
_bspa _aCOMFC _erda |
||
| 100 | 1 |
_aEscobar Velásquez, Gloria Mercedes. _eaut |
|
| 240 | 1 | 0 | _aCaldas-Bibliografía regional |
| 245 | 1 | 0 |
_aSalud mental : _bproceso de atención de enfermería / _cGloria Mercedes Escobar Velásquez. |
| 250 | _a2a. Ed. | ||
| 264 |
_aPereira : _bUniversidad Libre, _c2014. |
||
| 300 |
_a535 páginas : _bgráficos ; _c24 cm. |
||
| 336 |
_2rdacontent _atxt |
||
| 337 |
_2rdamedia _an |
||
| 338 |
_2rdacarrier _anc |
||
| 500 | _aIncluye referencias bibliográficas (páginas 530-531) | ||
| 830 |
_954302 _aDepósito Legal - Sala de Patrimonio Bibliográfico y Documental de Risaralda |
||
| 082 | 0 | 4 |
_a610.7368 _bE74s |
| 650 | 4 | _aEnfermería psiquiátrica. | |
| 650 | 4 | _aSalud mental. | |
| 650 | 4 | _aPersonal de salud mental. | |
| 650 | 4 | _aEnfermedades mentales. | |
| 942 |
_2ddc _h610.7368 E74s _k610.7368 _mE74s |
||
| 949 |
_ac _bn |
||
| 999 |
_c11831 _d11831 |
||